000 00495nam a2200157Ia 4500
008 240729s9999 xx 000 0 und d
022 _a1546-2366
245 0 _aSan Francisco Estuary and Watershed Science
260 _aUnited States
260 _beScholarship Publishing, University of California
650 _a Environmental sciences
650 _aGeography. Anthropology. Recreation
856 _uhttps://doaj.org/toc/ab024d2248a2426bb445248b9d07c239
942 _2ddc
942 _cDOAJEJ
999 _c68699
_d68699
945 _a1
_bMadushi Gamage
_c1
_dMadushi Gamage